000 00672nam a2200217 i 4500
001 91505
003 ES-MaACL
005 20260213164414.0
007 t|
008 050131s1948 sp ||||1| spa d
100 1 _aLewis, Sinclair,
_d1885-1951
_972071
245 1 0 _aCalle mayor /
_cSinclair Lewis ; traducción del inglés por Carlos de Onís.
250 _a[1ª ed.].
260 _aBarcelona :
_bJosé Janés,
_c[1948] (
_fMiguza)
300 _a785 p. ;
_c15 cm.
490 1 _aLos escritores de ahora
700 1 _aOnis, Carlos de.
_987086
830 0 _aLos escritores de ahora
_9182057
852 _aES-MaACL
_jD-6725
_bR.27078
999 _c91505
_d91505